Alvar García de Santa María y su familia de conversos: historia de la judería de Burgos y de sus conversos más egregios

Wedi'i Gadw mewn:
Manylion Llyfryddiaeth
Prif Awdur: Cantera Burgos, Francisco (Awdur)
Fformat: Llyfr
Iaith:Sbaeneg
Cyhoeddwyd: Madrid, España Instituto Arias Montero 1952
Pynciau:
Tagiau: Ychwanegu Tag
Dim Tagiau, Byddwch y cyntaf i dagio'r cofnod hwn!

MARC

LEADER 00000nam a2200000 a 4500
001 UCO1233
003 CL-VaPUC
005 20240401121844.0
008 000512e19520000SP |||||||||||||||||spa|d
999 |c 287862  |d 287860 
040 |c Pontificia Universidad Católica de Valparaíso 
082 0 4 |a 946.0992 CAN 1952  |2 21 
100 0 |a Cantera Burgos, Francisco  |e author  |9 443156 
245 1 0 |a Alvar García de Santa María y su familia de conversos:  |b  historia de la judería de Burgos y de sus conversos más egregios 
260 |a Madrid, España  |b Instituto Arias Montero  |c 1952 
300 |a 624 páginas 
583 |a last modification  |c 20180227 06:33:07  |k Rodrigo Vera 
650 0 |a Historia de España  |9 315435 
650 0 |a Familias   |z ESPAÑA  |9 255641 
650 7 |a GENEALOGIAS  |2 CL-VaPUC  |9 418977  |z ESPAÑA  |z BURGOS 
852 |a BIBCUR 
942 |c BK  |2 ddc 
945 |d 20000512 00:00:00  |a rherrera 
952 |0 0  |1 0  |2 ddc  |4 0  |6 946_099200000000000_CAN_1952  |7 0  |8 A  |9 334928  |a BIBHIS  |b BIBHIS  |d 2019-11-20  |i 1269259  |o 946.0992 CAN 1952  |p 1269259  |r 2025-01-20  |t 1  |w 2019-11-20  |y BK  |k HIS